Redhat enterprise Linux 9 for beginners : (Record no. 14780)

MARC details
000 -LEADER
fixed length control field 00736 a2200217 4500
001 - CONTROL NUMBER
control field TB12283
003 - CONTROL NUMBER IDENTIFIER
control field IN-BhIIT
005 - DATE AND TIME OF LATEST TRANSACTION
control field 20250718171334.0
008 - FIXED-LENGTH DATA ELEMENTS--GENERAL INFORMATION
fixed length control field 250328b |||||||| |||| 00| 0 eng d
020 ## - INTERNATIONAL STANDARD BOOK NUMBER
ISBN 9789355516626 (pbk.)
040 ## - CATALOGING SOURCE
Original cataloging agency IN-BhIIT
041 ## - LANGUAGE CODE
Language code of text eng
082 ## - DEWEY DECIMAL CLASSIFICATION NUMBER
Classification number 005.43
Book number KUM/R
100 ## - MAIN ENTRY--AUTHOR NAME
Personal name Kumar, Vishesh
Relator term Author
245 ## - TITLE STATEMENT
Title Redhat enterprise Linux 9 for beginners :
Sub Title a comprehensive guide for learning, administration, and deployement /
Statement of responsibility, etc by Vishesh Kumar and Geetanjali Mehra
260 ## - PUBLICATION, DISTRIBUTION, ETC. (IMPRINT)
Place of publication New Delhi :
Name of publisher BPB Publications,
Year of publication 2024.
300 ## - PHYSICAL DESCRIPTION
Number of Pages xxx, 526 p. :
Other physical details(ill.) ill. ;
Dimensions(size) 24 cm
504 ## - BIBLIOGRAPHY, ETC. NOTE
Bibliography, etc Includes bibliographical references and index.
650 ## - SUBJECT ADDED ENTRY--TOPICAL TERM
Topical Term Systems programs (Linux)
942 ## - ADDED ENTRY ELEMENTS (KOHA)
Koha item type Text Book
Koha issues (borrowed), all copies 1
Holdings
Withdrawn status Lost status Damaged status Not for loan Collection code Home library Current library Date acquired Source of acquisition Cost, normal purchase price Full call number Accession Number Cost, replacement price Price effective from Koha item type
Not withdrawn Not Lost not damaged   SMS Central Library, IIT Bhubaneswar Central Library, IIT Bhubaneswar 10/02/2025 31 749.25 005.43 KUM/R TB12283 999.00 10/02/2025 Text Book

Central Library, Indian Institute of Technology Bhubaneswar, 4th Floor, Administrative Building, Argul, Khordha, PIN-752050, Odisha, India
Phone: +91-674-7138750 | Email: circulation.library@iitbbs.ac.in (For circulation related queries),
Email: info.library@iitbbs.ac.in (For other queries)